[Event "GBR-ch61"]
[Site "Clacton"]
[Date "1974.08.06"]
[Round "2"]
[White "Yerbury, Paul"]
[Black "Webb, Roger"]
[Result "0-1"]
[WhiteElo "2200"]
[BlackElo "2200"]
[PlyCount "140"]
[EventDate "1974.08.05"]
[EventType "swiss"]
[EventRounds "11"]
[EventCountry "GBR"]
[SourceTitle "BritBase"]
[SourceQuality "2"]

1. e4 e5 2. Nf3 Nc6 3. Bb5 Nf6 4. O-O Nxe4 5. Re1 Nd6 6. Nxe5 Be7 7. Ba4 Nxe5
8. Rxe5 O-O 9. d4 Nc4 10. Re1 d5 11. c3 Bd6 12. Nd2 Nxd2 13. Bxd2 Qh4 14. g3
Qh3 15. Qf3 c6 16. Bd1 Bf5 17. Qg2 Qxg2+ 18. Kxg2 Be4+ 19. f3 Bf5 20. Be2 f6
21. Bf1 Kf7 22. Re3 g5 23. Bd3 Bxd3 24. Rxd3 Rae8 25. Re3 Rxe3 26. Bxe3 h5 27.
Re1 Rh8 28. Bd2 h4 29. Bc1 h3+ 30. Kf2 a5 31. Be3 b5 32. Rc1 Rb8 33. Bd2 Ke6
34. Re1+ Kd7 35. Rc1 Rg8 36. Kg1 Ra8 37. Rf1 Bc7 38. f4 g4 39. f5 Rh8 40. Bf4
Bd8 41. Bd2 Be7 42. Rf4 Rg8 43. Rf1 b4 44. Kf2 Rb8 45. Ke2 bxc3 46. Bxc3 Bd6
47. Kd3 a4 48. Ke2 Re8+ 49. Kf2 c5 50. Rd1 c4 51. Re1 Rxe1 52. Bxe1 a3 53. bxa3
Bxa3 54. Bc3 Kc6 55. Ke3 Bc1+ 56. Bd2 Bb2 57. Bb4 Kb5 58. Be7 Bc1+ 59. Ke2 Bg5
60. Kd1 Bf4 61. Bxf6 Bxg3 62. Be7 Kc6 63. Ke2 Bxh2 64. Bg5 Bc7 65. Kf1 Kd7 66.
a4 c3 67. Bh6 c2 68. Bg5 g3 69. Bd2 Bb6 70. Bf4 Bxd4 0-1

[Event "GBR-ch61"]
[Site "Clacton"]
[Date "1974.08.07"]
[Round "3"]
[White "Bellin, Robert"]
[Black "Ludgate, Alan Templeton"]
[Result "1-0"]
[WhiteElo "2355"]
[BlackElo "2200"]
[PlyCount "89"]
[EventDate "1974.08.05"]
[EventType "swiss"]
[EventRounds "11"]
[EventCountry "GBR"]
[SourceTitle "BritBase"]
[SourceQuality "2"]

1. e4 g6 2. d4 Bg7 3. Nc3 d6 4. f4 Nc6 5. Be3 Nf6 6. Be2 O-O 7. Nf3 e5 8. dxe5
dxe5 9. Qxd8 Rxd8 10. fxe5 Ng4 11. Bg5 Rd7 12. Nd5 Ngxe5 13. O-O-O Nxf3 14.
Bxf3 Ne5 15. Nxc7 Rb8 16. Nd5 Kf8 17. Be2 h6 18. Bh4 g5 19. Bg3 Rd6 20. Ne3
Rxd1+ 21. Rxd1 Be6 22. Ng4 Bxg4 23. Bxg4 Re8 24. Bf5 Bf6 25. Rd5 Nc4 26. c3 Ne3
27. Rd7 Rd8 28. Bd6+ Ke8 29. Rxd8+ Kxd8 30. g4 Nc4 31. Bb8 a6 32. b3 Be5 33.
Ba7 Nd6 34. Bd4 Bxh2 35. Kc2 Ne8 36. Kd3 Bd6 37. e5 Bc7 38. Be4 Kc8 39. Bd5 Ng7
40. Bxf7 Kd7 41. Ke4 Ne6 42. Kf5 Nf4 43. Bc5 Kd8 44. e6 Nd5 45. c4 1-0

[Event "GBR-ch61"]
[Site "Clacton"]
[Date "1974.08.07"]
[Round "3"]
[White "Botterill, George Steven"]
[Black "Perkins, Alan H"]
[Result "1/2-1/2"]
[WhiteElo "2410"]
[BlackElo "2360"]
[PlyCount "48"]
[EventDate "1974.08.05"]
[EventType "swiss"]
[EventRounds "11"]
[EventCountry "GBR"]
[SourceTitle "BritBase"]
[SourceQuality "2"]

1. e4 e5 2. Nf3 Nc6 3. d4 exd4 4. Nxd4 Bc5 5. Nb3 Bb6 6. a4 a6 7. Nc3 d6 8. Qe2
Be6 9. Be3 Bxe3 10. Qxe3 Bxb3 11. cxb3 Nf6 12. Bc4 O-O 13. O-O Nb4 14. Rad1 Qe7
15. Qd2 a5 16. Rfe1 Rfe8 17. f3 Rad8 18. Qf2 c6 19. Re2 Rd7 20. Qb6 Qd8 21.
Qxd8 Rexd8 22. Red2 d5 23. exd5 Nbxd5 24. Bxd5 Nxd5 1/2-1/2

[Event "GBR-ch61"]
[Site "Clacton"]
[Date "1974.08.07"]
[Round "3"]
[White "Hardy, Otto H"]
[Black "Swanson, Stephen"]
[Result "1/2-1/2"]
[WhiteElo "2200"]
[BlackElo "2200"]
[PlyCount "27"]
[EventDate "1974.08.05"]
[EventType "swiss"]
[EventRounds "11"]
[EventCountry "GBR"]
[SourceTitle "BritBase"]
[SourceQuality "2"]

1. d4 Nf6 2. Nc3 d6 3. e4 g6 4. Nf3 Bg7 5. e5 dxe5 6. Nxe5 Nbd7 7. Nxd7 Bxd7 8.
Be2 Bc6 9. O-O O-O 10. Bf4 Ne4 11. Nxe4 Bxe4 12. c3 c6 13. Bf3 Bxf3 14. Qxf3
1/2-1/2

[Event "GBR-ch61"]
[Site "Clacton"]
[Date "1974.08.07"]
[Round "3"]
[White "Hempson, Peter W"]
[Black "Lennox, C Jonathan"]
[Result "1-0"]
[WhiteElo "2200"]
[BlackElo "2200"]
[PlyCount "123"]
[EventDate "1974.08.05"]
[EventType "swiss"]
[EventRounds "11"]
[EventCountry "GBR"]
[SourceTitle "BritBase"]
[SourceQuality "2"]

1. d4 Nf6 2. c4 c5 3. d5 e6 4. Nc3 exd5 5. cxd5 d6 6. Nf3 g6 7. Nd2 Bg7 8. Nc4
O-O 9. Bf4 Ne8 10. Qd2 b6 11. Ne4 Ba6 12. e3 Bxc4 13. Bxc4 Qe7 14. f3 Nd7 15.
O-O Ndf6 16. Nxf6+ Nxf6 17. e4 Nh5 18. Be3 f5 19. exf5 gxf5 20. Rae1 Qd7 21.
Qe2 f4 22. Bb5 Qf7 23. Bf2 Be5 24. Qd2 Qg7 25. Re2 Kh8 26. Rb1 Rf5 27. Bd3 Rg8
28. Bh4 Bd4+ 29. Kf1 Be3 30. Qc2 Re5 31. Bf5 Qh6 32. Be6 Rf8 33. Bf2 Nf6 34. h3
Nxd5 35. Bxd5 Rxd5 36. Bxe3 fxe3 37. Qc3+ Re5 38. Rbe1 Qh4 39. Rxe3 Qd4 40.
Qxd4 cxd4 41. Rxe5 dxe5 42. Rxe5 Rc8 43. Re2 Rc1+ 44. Kf2 Rd1 45. b3 a5 46. Rb2
b5 47. Ke2 Ra1 48. Kd3 a4 49. bxa4 bxa4 50. Kxd4 a3 51. Re2 Kg7 52. f4 Kf6 53.
g4 Rf1 54. Ke3 Ra1 55. Rf2 Re1+ 56. Kd4 Ra1 57. Kc4 h5 58. gxh5 Rc1+ 59. Kb4
Rc8 60. Rf3 Kf5 61. Rxa3 Kxf4 62. Ra6 1-0

[Event "GBR-ch61"]
[Site "Clacton"]
[Date "1974.08.07"]
[Round "3"]
[White "Hindle, Owen M"]
[Black "Williams, Arthur Howard"]
[Result "1/2-1/2"]
[WhiteElo "2200"]
[BlackElo "2405"]
[PlyCount "29"]
[EventDate "1974.08.05"]
[EventType "swiss"]
[EventRounds "11"]
[EventCountry "GBR"]
[SourceTitle "BritBase"]
[SourceQuality "2"]

1. e4 Nf6 2. e5 Nd5 3. d4 d6 4. Nf3 dxe5 5. Nxe5 g6 6. Bc4 Be6 7. Qf3 Bg7 8.
O-O O-O 9. Nc3 c6 10. Ne4 Nc7 11. Bxe6 Nxe6 12. c3 Nd7 13. Nxd7 Qxd7 14. Ng5
Bf6 15. Ne4 1/2-1/2

[Event "GBR-ch61"]
[Site "Clacton"]
[Date "1974.08.07"]
[Round "3"]
[White "Holloway, Nigel J"]
[Black "Wise, Derek Maurice"]
[Result "1-0"]
[WhiteElo "2200"]
[BlackElo "2200"]
[PlyCount "128"]
[EventDate "1974.08.05"]
[EventType "swiss"]
[EventRounds "11"]
[EventCountry "GBR"]
[SourceTitle "BritBase"]
[SourceQuality "2"]

1. Nf3 Nf6 2. c4 g6 3. g3 Bg7 4. Bg2 O-O 5. O-O d5 6. cxd5 Nxd5 7. Nc3 Nc6 8.
Qc2 e5 9. d3 Bg4 10. Qa4 Nd4 11. Nxd4 Nxc3 12. bxc3 exd4 13. Re1 Bd7 14. Qc2
dxc3 15. Ba3 Re8 16. Bb4 Qf6 17. Rac1 Bc6 18. Bxc3 Qxc3 19. Qxc3 Bxc3 20. Rxc3
Bxg2 21. Kxg2 c6 22. e3 Kf8 23. Rb1 Re7 24. a4 Rc8 25. a5 Rec7 26. d4 Ke7 27.
Rcb3 Rb8 28. Kf3 Kd6 29. h4 Ke6 30. Kf4 h6 31. Rb4 Rd7 32. Rc1 Rd5 33. a6 Rb5
34. Rbc4 Rb6 35. axb7 Kd6 36. Ra1 R6xb7 37. Ra6 Rc7 38. Rca4 Rb2 39. f3 Rbb7
40. R4a5 Kd7 41. h5 Ke7 42. hxg6 fxg6 43. d5 Kd6 44. e4 Rf7+ 45. Kg4 Rb6 46. f4
cxd5 47. Rxd5+ Ke6 48. Rda5 Kf6 49. Rxa7 Rxa7 50. Rxa7 Ke6 51. Rh7 h5+ 52. Kh3
Rb5 53. e5 Rb6 54. Rg7 Kd5 55. Kh4 Ke4 56. Rf7 Kf3 57. Rf6 Rb1 58. Rxg6 Rh1+
59. Kg5 Kxg3 60. f5 h4 61. e6 h3 62. e7 Re1 63. Kf6+ Kf4 64. Rh6 Kg4 1-0

[Event "GBR-ch61"]
[Site "Clacton"]
[Date "1974.08.07"]
[Round "3"]
[White "Horner, Jeff"]
[Black "Lightfoot, Malcolm J"]
[Result "1-0"]
[WhiteElo "2200"]
[BlackElo "2200"]
[PlyCount "115"]
[EventDate "1974.08.05"]
[EventType "swiss"]
[EventRounds "11"]
[EventCountry "GBR"]
[SourceTitle "BritBase"]
[SourceQuality "2"]

1. e4 c5 2. Nf3 Nc6 3. Bb5 g6 4. O-O Bg7 5. Re1 Nf6 6. Nc3 O-O 7. e5 Ne8 8. d3
Nc7 9. Bc4 d5 10. exd6 exd6 11. Bg5 Qd7 12. Qd2 d5 13. Bb3 Na5 14. Re7 Nxb3 15.
axb3 Qc6 16. Rxc7 Qxc7 17. Nxd5 Qd6 18. c4 Be6 19. Be7 Qc6 20. Bxf8 Kxf8 21.
Ne3 Qb6 22. Ng5 Qxb3 23. Nxh7+ Kg8 24. Ng5 Qxb2 25. Qxb2 Bxb2 26. Rb1 Bd4 27.
Nxe6 fxe6 28. Rxb7 a5 29. Nc2 Bf6 30. Kf1 a4 31. Na3 Bg5 32. Rb1 Bd2 33. Ke2
Bb4 34. Ra1 Kf7 35. Kd1 g5 36. h3 Kf6 37. Kc2 Kf5 38. Nb5 g4 39. hxg4+ Kxg4 40.
Nc7 Ra7 41. Nb5 Rf7 42. f3+ Kg3 43. Rxa4 Kxg2 44. Ra6 Rxf3 45. Rxe6 Rf2+ 46.
Kb3 Rf3 47. Rd6 Kf2 48. Nc7 Ke2 49. Na6 Rf1 50. Nxb4 Rb1+ 51. Kc2 Rxb4 52. Re6+
Kf3 53. Re5 Rb8 54. Rxc5 Ke3 55. Re5+ Kd4 56. Rd5+ Ke3 57. Kc3 Rb1 58. Re5+ 1-0

[Event "GBR-ch61"]
[Site "Clacton"]
[Date "1974.08.07"]
[Round "3"]
[White "Knox, Victor W"]
[Black "Hartston, William Roland"]
[Result "1/2-1/2"]
[WhiteElo "2200"]
[BlackElo "2480"]
[PlyCount "81"]
[EventDate "1974.08.05"]
[EventType "swiss"]
[EventRounds "11"]
[EventCountry "GBR"]
[SourceTitle "BritBase"]
[SourceQuality "2"]

1. e4 e5 2. Nc3 Nf6 3. d3 d5 4. f4 exf4 5. exd5 Nxd5 6. Nxd5 Qxd5 7. Bxf4 Bd6
8. Bxd6 Qxd6 9. Qd2 O-O 10. Be2 Qd4 11. O-O-O Nc6 12. Nf3 Qa4 13. Kb1 Be6 14.
b3 Qa3 15. Ng5 Rfe8 16. Bf3 Nd4 17. Be4 h6 18. Nf3 Rad8 19. Nxd4 Rxd4 20. Rhe1
b5 21. Bf5 Rd6 22. Bxe6 Rdxe6 23. Rxe6 Rxe6 24. Re1 Ra6 25. c3 Rf6 26. d4 Kf8
27. Qe3 Re6 28. Qg3 Rxe1+ 29. Qxe1 Qd6 30. g3 Qg6+ 31. Kc1 Qd3 32. Qd2 Qf1+ 33.
Kb2 a5 34. d5 Qf6 35. Qe3 b4 36. Qc5+ Kg8 37. Qxc7 Qf2+ 38. Kb1 Qe1+ 39. Kc2
Qe2+ 40. Kc1 Qe3+ 41. Kc2 1/2-1/2

[Event "GBR-ch61"]
[Site "Clacton"]
[Date "1974.08.07"]
[Round "3"]
[White "Mestel, A Jonathan"]
[Black "Law, Andrew P"]
[Result "1/2-1/2"]
[WhiteElo "2270"]
[BlackElo "2200"]
[PlyCount "34"]
[EventDate "1974.08.05"]
[EventType "swiss"]
[EventRounds "11"]
[EventCountry "GBR"]
[SourceTitle "BritBase"]
[SourceQuality "2"]

1. e4 c5 2. Nf3 d6 3. Nc3 Nf6 4. d4 cxd4 5. Nxd4 e6 6. Be3 Be7 7. f4 Nc6 8. Be2
O-O 9. O-O e5 10. Nb3 a5 11. a4 Nb4 12. Bf3 Be6 13. f5 Bc4 14. Rf2 d5 15. exd5
Nfxd5 16. Nxd5 Nxd5 17. Qd2 Nxe3 1/2-1/2

[Event "GBR-ch61"]
[Site "Clacton"]
[Date "1974.08.07"]
[Round "3"]
[White "Penrose, Jonathan"]
[Black "Mabbs, David J"]
[Result "1/2-1/2"]
[WhiteElo "2450"]
[BlackElo "2200"]
[PlyCount "52"]
[EventDate "1974.08.05"]
[EventType "swiss"]
[EventRounds "11"]
[EventCountry "GBR"]
[SourceTitle "BritBase"]
[SourceQuality "2"]

1. e4 e5 2. Nf3 Nc6 3. Bb5 a6 4. Ba4 Nf6 5. O-O Be7 6. Re1 b5 7. Bb3 d6 8. c3
Na5 9. Bc2 c5 10. d4 Qc7 11. h3 Nc6 12. a4 Rb8 13. d5 Nd8 14. axb5 axb5 15. b4
c4 16. Be3 g6 17. Nbd2 O-O 18. Bh6 Re8 19. Nf1 Nh5 20. Qd2 f6 21. g4 Ng7 22.
Ng3 Nf7 23. Be3 Qd7 24. Kh2 Bd8 25. Ra7 Bc7 26. Rea1 Rf8 1/2-1/2

[Event "GBR-ch61"]
[Site "Clacton"]
[Date "1974.08.07"]
[Round "3"]
[White "Stean, Michael F"]
[Black "Bennett, Gerald H"]
[Result "1-0"]
[WhiteElo "2345"]
[BlackElo "2200"]
[PlyCount "97"]
[EventDate "1974.08.05"]
[EventType "swiss"]
[EventRounds "11"]
[EventCountry "GBR"]
[SourceTitle "BritBase"]
[SourceQuality "2"]

1. Nf3 g6 2. e4 c5 3. d4 cxd4 4. Nxd4 Nf6 5. Nc3 d6 6. g3 Bg7 7. Bg2 O-O 8. O-O
Nbd7 9. h3 a6 10. a4 Qc7 11. Nde2 Ne5 12. b3 Nc6 13. Be3 Bd7 14. Nd5 Nxd5 15.
exd5 Nb8 16. Ra2 a5 17. c4 Na6 18. Bd4 Rfe8 19. Bxg7 Kxg7 20. Nd4 Nc5 21. h4
Rad8 22. h5 e5 23. dxe6 fxe6 24. Bh3 e5 25. Bxd7 Qxd7 26. Nf3 gxh5 27. Nh4 Qg4
28. f3 Qd4+ 29. Qxd4 exd4 30. Nf5+ Kg6 31. Nxd4 Re3 32. Rh2 Nxb3 33. Ne2 Re5
34. Nf4+ Kf7 35. Nxh5 Nc5 36. Nf4 Kg7 37. Nd5 Rde8 38. Rb2 Re2 39. Rb6 Rc2 40.
Rf2 Rxf2 41. Kxf2 Re6 42. g4 Nxa4 43. Rxb7+ Kg8 44. Rb5 Nc5 45. Rxa5 Nd3+ 46.
Kg3 Re1 47. Ra7 h6 48. Ne7+ Kf8 49. Nf5 1-0

[Event "GBR-ch61"]
[Site "Clacton"]
[Date "1974.08.07"]
[Round "3"]
[White "Webb, Roger"]
[Black "Clarke, Peter Hugh"]
[Result "1-0"]
[WhiteElo "2200"]
[BlackElo "2355"]
[PlyCount "45"]
[EventDate "1974.08.05"]
[EventType "swiss"]
[EventRounds "11"]
[EventCountry "GBR"]
[SourceTitle "BritBase"]
[SourceQuality "2"]

1. c4 e6 2. g3 Nf6 3. Bg2 d5 4. Nf3 Be7 5. O-O O-O 6. d4 b6 7. Ne5 Bb7 8. Nc3
c6 9. e4 a5 10. Re1 Na6 11. Bf4 Bb4 12. Bg5 Re8 13. Ng4 dxe4 14. Nxe4 Be7 15.
Nexf6+ Bxf6 16. Bxf6 gxf6 17. Nh6+ Kf8 18. Qh5 Qc7 19. Bh3 Rad8 20. Nf5 exf5
21. Qh6+ Kg8 22. Bxf5 Bc8 23. Qxh7+ 1-0

[Event "GBR-ch61"]
[Site "Clacton"]
[Date "1974.08.07"]
[Round "3"]
[White "Webb, Simon"]
[Black "Eley, Brian Ratcliffe"]
[Result "1-0"]
[WhiteElo "2380"]
[BlackElo "2350"]
[PlyCount "109"]
[EventDate "1974.08.05"]
[EventType "swiss"]
[EventRounds "11"]
[EventCountry "GBR"]
[SourceTitle "BritBase"]
[SourceQuality "2"]

1. Nf3 c5 2. c4 Nf6 3. d4 e6 4. Nc3 cxd4 5. Nxd4 Nc6 6. g3 Qb6 7. Ndb5 Ne5 8.
Bg2 Nxc4 9. Qa4 a6 10. Qxc4 axb5 11. Qxb5 Bc5 12. O-O Qxb5 13. Nxb5 Ke7 14. Bd2
d6 15. b4 Bb6 16. a4 d5 17. a5 Bd7 18. Nc3 Bd4 19. e3 Bxc3 20. Bxc3 Rhc8 21.
Bd4 Bb5 22. Rfc1 Kd7 23. Bf1 Rxc1 24. Rxc1 Bxf1 25. Kxf1 Ne8 26. Ke2 f6 27. Bb6
Rc8 28. Rxc8 Kxc8 29. b5 Nd6 30. a6 Nc4 31. Bc5 bxa6 32. bxa6 Ne5 33. f4 Nd7
34. Bd6 Nb6 35. Kd3 Kd7 36. Bc5 Na8 37. e4 Kc6 38. Bf8 g6 39. exd5+ exd5 40.
Be7 f5 41. Bd8 Kc5 42. a7 h6 43. Kc3 h5 44. Kd3 Kb5 45. Kd4 Kc6 46. h4 Kd7 47.
Kxd5 Kxd8 48. Ke6 Kc7 49. Kf6 Kb7 50. Kxg6 Nc7 51. Kxh5 Kxa7 52. Kg6 Kb7 53. h5
Kc6 54. h6 Ne6 55. Kf7 1-0

[Event "GBR-ch61"]
[Site "Clacton"]
[Date "1974.08.08"]
[Round "4"]
[White "Clarke, Peter Hugh"]
[Black "Swanson, Stephen"]
[Result "1/2-1/2"]
[WhiteElo "2355"]
[BlackElo "2200"]
[PlyCount "48"]
[EventDate "1974.08.05"]
[EventType "swiss"]
[EventRounds "11"]
[EventCountry "GBR"]
[SourceTitle "BritBase"]
[SourceQuality "2"]

1. d4 Nf6 2. c4 d6 3. Nc3 Nbd7 4. e4 e5 5. d5 Be7 6. f3 Nf8 7. Be3 Ng6 8. Qd2
h6 9. g3 Nh5 10. Bh3 Bg5 11. Bxc8 Rxc8 12. Nh3 Bxe3 13. Qxe3 b6 14. O-O O-O 15.
a3 Nf6 16. Rac1 a6 17. Nf2 Nd7 18. Nd3 Rb8 19. b4 Qg5 20. Qxg5 hxg5 21. Rf2 Ne7
22. Rfc2 c5 23. dxc6 Nxc6 24. Ne2 a5 1/2-1/2

[Event "GBR-ch61"]
[Site "Clacton"]
[Date "1974.08.08"]
[Round "4"]
[White "Eley, Brian Ratcliffe"]
[Black "Knox, Victor W"]
[Result "1/2-1/2"]
[WhiteElo "2350"]
[BlackElo "2200"]
[PlyCount "33"]
[EventDate "1974.08.05"]
[EventType "swiss"]
[EventRounds "11"]
[EventCountry "GBR"]
[SourceTitle "BritBase"]
[SourceQuality "2"]

1. e4 e5 2. f4 d5 3. exd5 exf4 4. Nf3 Nf6 5. c4 c6 6. d4 cxd5 7. Bxf4 Bd6 8.
Ne5 O-O 9. Nc3 Bg4 10. Be2 Bxe2 11. Qxe2 Nc6 12. O-O-O Bb4 13. Bg5 Bxc3 14.
bxc3 Qa5 15. Bxf6 Qxc3+ 16. Qc2 Qa1+ 17. Qb1 1/2-1/2

[Event "GBR-ch61"]
[Site "Clacton"]
[Date "1974.08.08"]
[Round "4"]
[White "Hartston, William Roland"]
[Black "Horner, Jeff"]
[Result "1/2-1/2"]
[WhiteElo "2480"]
[BlackElo "2200"]
[PlyCount "88"]
[EventDate "1974.08.05"]
[EventType "swiss"]
[EventRounds "11"]
[EventCountry "GBR"]
[SourceTitle "BritBase"]
[SourceQuality "2"]

1. d4 d5 2. Nf3 Nc6 3. c4 Bg4 4. Nc3 Nf6 5. Ne5 Nxe5 6. dxe5 d4 7. Nb1 Ng8 8.
Qb3 Rb8 9. Bf4 e6 10. Nd2 Ne7 11. h3 Bh5 12. g4 Bg6 13. Bg2 Nc6 14. O-O-O Be7
15. Ne4 O-O 16. h4 b5 17. c5 Na5 18. Qc2 Qd5 19. b4 Nc6 20. a3 h6 21. h5 Bh7
22. Nf6+ gxf6 23. Bxd5 Bxc2 24. Bxc6 Bxd1 25. Rxd1 Kg7 26. Rxd4 Rfd8 27. Rxd8
Bxd8 28. Be4 f5 29. gxf5 exf5 30. Bxf5 Bg5 31. Bd2 Bxd2+ 32. Kxd2 Rd8+ 33. Bd3
Kf8 34. Ke3 Ke7 35. Bxb5 Rd1 36. Ke4 Ra1 37. Kd5 Rxa3 38. Bd3 Ra4 39. b5 Rh4
40. Kc6 Kd8 41. Kb7 Rxh5 42. Kxa7 Rxe5 43. b6 cxb6 44. cxb6 Re8 1/2-1/2

[Event "GBR-ch61"]
[Site "Clacton"]
[Date "1974.08.08"]
[Round "4"]
[White "Haygarth, Michael J"]
[Black "Hindle, Owen M"]
[Result "1/2-1/2"]
[WhiteElo "2200"]
[BlackElo "2200"]
[PlyCount "88"]
[EventDate "1974.08.05"]
[EventType "swiss"]
[EventRounds "11"]
[EventCountry "GBR"]
[SourceTitle "BritBase"]
[SourceQuality "2"]

1. d4 Nf6 2. c4 g6 3. Nc3 Bg7 4. e4 O-O 5. Be3 d6 6. f3 b6 7. Bd3 a6 8. Nge2 c5
9. d5 e6 10. a4 exd5 11. exd5 Nbd7 12. Bc2 Ne5 13. b3 Re8 14. Bg5 h6 15. Bh4
Ra7 16. O-O g5 17. Bg3 Nh5 18. Qd2 f5 19. f4 gxf4 20. Bxf4 Nxf4 21. Qxf4 Ng4
22. Qd2 Qh4 23. h3 Ne3 24. Rf3 Rae7 25. Rc1 Bf6 26. Nf4 Nxc2 27. Qxc2 Re3 28.
g3 Qg5 29. Rxe3 Rxe3 30. Nce2 Be5 31. Kh2 Bxf4 32. gxf4 Rxe2+ 33. Qxe2 Qxf4+
34. Kg2 Qxc1 35. Qe8+ Kg7 36. Qxc8 Qd2+ 37. Kf3 Qd3+ 38. Kg2 Qe2+ 39. Kg3 Qe5+
40. Kf3 Qe4+ 41. Kf2 Qf4+ 42. Kg2 Qe4+ 43. Kf2 Qh4+ 44. Kg2 Qe4+ 1/2-1/2

[Event "GBR-ch61"]
[Site "Clacton"]
[Date "1974.08.08"]
[Round "4"]
[White "Hempson, Peter W"]
[Black "Webb, Roger"]
[Result "1-0"]
[WhiteElo "2200"]
[BlackElo "2200"]
[PlyCount "53"]
[EventDate "1974.08.05"]
[EventType "swiss"]
[EventRounds "11"]
[EventCountry "GBR"]
[SourceTitle "BritBase"]
[SourceQuality "2"]

1. c4 Nf6 2. Nc3 c5 3. g3 g6 4. Bg2 Bg7 5. Nf3 Nc6 6. O-O O-O 7. d4 cxd4 8.
Nxd4 Nxd4 9. Qxd4 d6 10. Qd3 Bf5 11. e4 Bd7 12. Be3 Ng4 13. Bd2 Rc8 14. b3 b5
15. cxb5 f5 16. Rac1 Kh8 17. h3 Ne5 18. Qe2 fxe4 19. Nxe4 Qb6 20. a4 d5 21.
Rxc8 Rxc8 22. Ng5 Bf5 23. Bxd5 Rd8 24. Bf4 Bd3 25. Qxe5 h6 26. Qxe7 hxg5 27.
Bc7 1-0

[Event "GBR-ch61"]
[Site "Clacton"]
[Date "1974.08.08"]
[Round "4"]
[White "Law, Andrew P"]
[Black "Stean, Michael F"]
[Result "1/2-1/2"]
[WhiteElo "2200"]
[BlackElo "2345"]
[PlyCount "32"]
[EventDate "1974.08.05"]
[EventType "swiss"]
[EventRounds "11"]
[EventCountry "GBR"]
[SourceTitle "BritBase"]
[SourceQuality "2"]

1. c4 g6 2. Nc3 Bg7 3. d4 d6 4. Nf3 Nf6 5. Bg5 h6 6. Bh4 O-O 7. e3 c5 8. Be2 g5
9. Bg3 Nh5 10. dxc5 Nxg3 11. hxg3 dxc5 12. Qc2 e6 13. Rd1 Qe7 14. g4 Nc6 15. a3
b6 16. Bd3 Rd8 1/2-1/2

[Event "GBR-ch61"]
[Site "Clacton"]
[Date "1974.08.08"]
[Round "4"]
[White "Lennox, C Jonathan"]
[Black "Bennett, Gerald H"]
[Result "1/2-1/2"]
[WhiteElo "2200"]
[BlackElo "2200"]
[PlyCount "72"]
[EventDate "1974.08.05"]
[EventType "swiss"]
[EventRounds "11"]
[EventCountry "GBR"]
[SourceTitle "BritBase"]
[SourceQuality "2"]

1. e4 e5 2. Nf3 Nc6 3. Bb5 Bc5 4. c3 f5 5. d4 fxe4 6. dxc5 exf3 7. Qxf3 Nf6 8.
Bg5 O-O 9. Nd2 Qe8 10. O-O d6 11. cxd6 cxd6 12. Nc4 d5 13. Nd6 Qe6 14. Nxc8
Raxc8 15. Qe2 Ne4 16. Be3 Nd6 17. Bc5 e4 18. Bxd6 Qxd6 19. Rad1 Rf5 20. Qxe4
Qxh2+ 21. Kxh2 dxe4 22. Be2 Rc7 23. Bg4 Re5 24. Rfe1 Rce7 25. Rd7 Kf7 26. Rxe7+
Kxe7 27. Bc8 b6 28. Bb7 Kd6 29. Bxc6 Kxc6 30. Kg3 Rg5+ 31. Kh3 Kd5 32. Rd1+ Ke6
33. Rd8 Rf5 34. Re8+ Kd7 35. Rxe4 Rxf2 36. Ra4 a5 1/2-1/2

[Event "GBR-ch61"]
[Site "Clacton"]
[Date "1974.08.08"]
[Round "4"]
[White "Lightfoot, Malcolm J"]
[Black "Thomas, Ronald"]
[Result "1-0"]
[WhiteElo "2200"]
[BlackElo "2200"]
[PlyCount "85"]
[EventDate "1974.08.05"]
[EventType "swiss"]
[EventRounds "11"]
[EventCountry "GBR"]
[SourceTitle "BritBase"]
[SourceQuality "2"]

1. e4 e5 2. Nf3 Nc6 3. Bb5 Nf6 4. O-O Nxe4 5. d4 Be7 6. Qe2 Nd6 7. Bxc6 bxc6 8.
dxe5 Nb7 9. c4 O-O 10. Nc3 f6 11. Re1 Nc5 12. Be3 Ne6 13. Rad1 Qe8 14. exf6
Rxf6 15. Ne4 Rf8 16. Neg5 Qg6 17. Nxe6 Qxe6 18. Bd4 Qxe2 19. Rxe2 Bd6 20. c5
Ba6 21. Re4 Bf4 22. Be5 Bxe5 23. Nxe5 Rfd8 24. Red4 Re8 25. f4 d6 26. cxd6 c5
27. R4d2 cxd6 28. Rxd6 Bb7 29. Kf2 h5 30. Rd7 Bc8 31. Rc7 Be6 32. b3 a5 33. Rd3
a4 34. Rg3 Bg4 35. Nxg4 hxg4 36. Rxg4 axb3 37. Rgxg7+ Kh8 38. axb3 Ra2+ 39. Kf3
Ra3 40. Rh7+ Kg8 41. Rcg7+ Kf8 42. Rb7 Kg8 43. Rhc7 1-0

[Event "GBR-ch61"]
[Site "Clacton"]
[Date "1974.08.08"]
[Round "4"]
[White "Ludgate, Alan Templeton"]
[Black "Holloway, Nigel J"]
[Result "1/2-1/2"]
[WhiteElo "2200"]
[BlackElo "2200"]
[PlyCount "50"]
[EventDate "1974.08.05"]
[EventType "swiss"]
[EventRounds "11"]
[EventCountry "GBR"]
[SourceTitle "BritBase"]
[SourceQuality "2"]

1. d4 Nf6 2. c4 g6 3. Nc3 d5 4. Bg5 Ne4 5. Bh4 c5 6. e3 Qa5 7. Qb3 cxd4 8. exd4
Nc6 9. Nf3 e5 10. cxd5 exd4 11. Bb5 dxc3 12. O-O Bg7 13. Rac1 Bf5 14. dxc6 O-O
15. bxc3 bxc6 16. Bxc6 Rab8 17. Qc4 Nxc3 18. Be7 Rfc8 19. Ng5 Qxa2 20. Qxa2
Nxa2 21. Bd5 Nc3 22. Bxf7+ Kh8 23. Be6 Bxe6 24. Nxe6 Rb7 25. Nxg7 Kxg7 1/2-1/2

[Event "GBR-ch61"]
[Site "Clacton"]
[Date "1974.08.08"]
[Round "4"]
[White "Mabbs, David J"]
[Black "Hardy, Otto H"]
[Result "1-0"]
[WhiteElo "2200"]
[BlackElo "2200"]
[PlyCount "83"]
[EventDate "1974.08.05"]
[EventType "swiss"]
[EventRounds "11"]
[EventCountry "GBR"]
[SourceTitle "BritBase"]
[SourceQuality "2"]

1. e4 c5 2. Nc3 Nc6 3. g3 g6 4. Bg2 d6 5. Nge2 Bg7 6. O-O f5 7. d3 Nh6 8. Bg5
Nf7 9. Be3 O-O 10. f4 Nd4 11. Rb1 a5 12. Bf2 Nxe2+ 13. Nxe2 Rb8 14. Re1 Qc7 15.
h3 Bd7 16. Kh2 Rfe8 17. Bf3 Bc6 18. g4 e6 19. Rg1 b6 20. Bh1 Nh6 21. Ng3 Rf8
22. g5 Nf7 23. Qd2 Rbe8 24. c3 Kh8 25. h4 h5 26. Rbe1 Nd8 27. Be3 Qf7 28. Qd1
Re7 29. Nxh5 gxh5 30. g6 Qf6 31. Qxh5+ Bh6 32. Qxh6+ Kg8 33. Qg5 fxe4 34. Qxf6
Rxf6 35. dxe4 Kg7 36. h5 Re8 37. Kg3 Rh8 38. Bf3 Be8 39. Rh1 Nc6 40. Reg1 Bxg6
41. hxg6 Rxg6+ 42. Kf2 1-0

[Event "GBR-ch61"]
[Site "Clacton"]
[Date "1974.08.08"]
[Round "4"]
[White "Perkins, Alan H"]
[Black "Bellin, Robert"]
[Result "1/2-1/2"]
[WhiteElo "2360"]
[BlackElo "2355"]
[PlyCount "45"]
[EventDate "1974.08.05"]
[EventType "swiss"]
[EventRounds "11"]
[EventCountry "GBR"]
[SourceTitle "BritBase"]
[SourceQuality "2"]

1. d4 Nf6 2. c4 e6 3. Nf3 b6 4. Nc3 Bb7 5. a3 d5 6. cxd5 exd5 7. Bg5 Be7 8. e3
O-O 9. Bd3 c5 10. O-O Nbd7 11. Rc1 Ne4 12. Bxe7 Qxe7 13. dxc5 Nxc3 14. Rxc3
bxc5 15. Qc2 g6 16. Bb5 d4 17. exd4 Bxf3 18. Rxf3 cxd4 19. Bxd7 Qxd7 20. Qd2
Rab8 21. Rd3 Rfd8 22. Rd1 Rb5 23. Rxd4 1/2-1/2